000 00485nam a2200157 i 4500
001 40100
003 ES-MaACL
007 t|
008 030305s1925 be ||||1| fre d
100 1 _aCapart, Jean.
_934784
245 1 0 _aThebes
_b: la gloire d'une grand passé /
_cpar Jean Capart ; avec la collaboration de Marcel Werbrouck.
260 _aBruxelles :
_bVromant et Cie.,
_c1925.
300 _a362 p. ;
_c33 cm.
700 1 _aWerbrouck, Marcel.
_9116498
852 _aES-MaACL
_jB-6504
999 _c40100
_d40100